Hamiltonian methods in the theory of solitons

Saved in:
Bibliografiske detaljer
Main Authors: Faddeev, L. D (Author), Takhtajan, L. A (Author)
Format: Bog
Sprog:engelsk
Udgivet: Berlín Springer-Verlag 1987
Fag:
Tags: Tilføj Tag
Ingen Tags, Vær først til at tagge denne postø!

MARC

LEADER 00000nam a2200000 a 4500
001 UCQ9297
003 CL-VaPUC
008 981230e19870000GW |||||||||||||||||eng|d
082 0 4 |a 530.14  |b FAD  |2 21 
100 0 |a Faddeev, L. D  |e author  |9 423817 
700 0 |a Takhtajan, L. A  |e author  |9 423818 
245 1 0 |a Hamiltonian methods in the theory of solitons 
300 |a 592 p 
942 |c BK 
945 |d 19981230 00:00:00  |a cmena 
260 |a Berlín  |b Springer-Verlag  |c 1987 
650 7 |a SOLITONES  |2 CL-VaPUC  |9 270832 
650 0 |a Física matemática   |9 260981 
650 0 |a Ecuaciones no lineales  |9 343071 
650 0 |a Matemática aplicada   |9 260236 
650 0 |a Modelos matemáticos   |9 259437 
583 |a last modification  |c 19981230 00:00:00  |k Rodrigo Vera 
999 |c 278367  |d 278365 
952 |0 0  |1 0  |4 0  |6 530_140000000000000_FAD_1987  |7 0  |8 A  |9 316865  |a BIBMAT  |b BIBMAT  |d 2019-11-20  |i 1311484  |o 530.14 FAD 1987  |p 1311484  |r 2025-01-07  |w 2019-11-20  |y BK  |k MAT